Vzestup /

Kniha Vzestup uzavírá pomyslnou trilogii auto-fiktivních dokumentárních románů, v nichž autor rekonstruuje historické osudy a beletristicky doplňuje předivo příběhů. Volně tak navazuje na romány Válka a terpentýn a Konvertitka.

Uloženo v:
Hlavní autor: Hertmans, Stefan, 1951- (Autor)
Další autoři: Smejkalová, Radka, 1973- (Autor)
Médium: Kniha
Jazyk:Czech
Vydáno: V Praze : Garamond, 2024
Vydání:Vydání první
Témata:
Celkem bylo vypůjčeno:3x
Tagy:
Žádné tagy
LEADER 03069nam a2200637 i 4500
001 101896
003 CZ PrSKC
005 20240509100101.0
007 ta
008 240418s2024 xr ach g 000 fbcze
015 |a cnb003602302 
020 |a 9788074076558  |q (brožováno) :  |c Kč 449,00 
040 |a ABG001  |b cze  |e rda 
041 1 |a cze  |h dut 
072 7 |a 821.11  |x Germánské literatury  |2 Konspekt  |9 25 
072 7 |a 929  |x Biografie  |2 Konspekt  |9 8 
080 |a 821.112.5(493)-31  |2 MRF 
080 |a 329.18-051  |2 MRF 
080 |a 327.88-051  |2 MRF 
080 |a 94(100)"1939/1945"  |2 MRF 
080 |a 929  |2 MRF 
080 |a (493)  |2 MRF 
080 |a (0:82-312.6)  |2 MRF 
080 |a (0:82-311.6)  |2 MRF 
100 1 |a Hertmans, Stefan,  |d 1951-  |7 mub2015865832  |4 aut  |9 112991 
240 1 0 |a Opgang.  |l Česky 
245 1 0 |a Vzestup /  |c Stefan Hertmans ; z nizozemštiny přeložila Radka Smejkalová 
250 |a Vydání první 
264 1 |a V Praze :  |b Garamond,  |c 2024 
300 |a 341 stran :  |b ilustrace, portréty, faksimile ;  |c 20 cm 
336 |a text  |b txt  |2 rdacontent 
337 |a bez média  |b n  |2 rdamedia 
338 |a svazek  |b nc  |2 rdacarrier 
504 |a Obsahuje bibliografii 
520 2 |a Kniha Vzestup uzavírá pomyslnou trilogii auto-fiktivních dokumentárních románů, v nichž autor rekonstruuje historické osudy a beletristicky doplňuje předivo příběhů. Volně tak navazuje na romány Válka a terpentýn a Konvertitka.  |b Mladý spisovatel koupí podmáčený dům v historickém centru Gentu, ale neví, že s ním kupuje i mrazivou historii jedné rodiny. Její otec Willem Verhulst, jednooký podivín a svéhlavý zastánce vlámské autonomie, za války ochotně naskočil na kolotoč hrůz rozpoutaných nacistickými okupanty. Autor na základě dobových dokumentů, hovorů s pamětníky i své fantazie vykresluje jeho plíživý přerod v kata vlastního národa. Nakladatelská anotace. 
600 1 7 |a Verhulst, Willem,  |d 1898-1975  |7 xx0316486  |2 czenas 
648 7 |a 20. století  |7 ch460558  |2 czenas  |9 52888 
650 0 7 |a fašisté  |7 ph120147  |y 20. století  |z Belgie  |2 czenas 
650 0 7 |a kolaboranti  |7 ph121706  |y 20. století  |z Belgie  |2 czenas 
650 0 7 |a druhá světová válka (1939-1945)  |7 ph117270  |2 czenas  |9 1065 
650 9 |a fascists  |y 20th century  |z Belgium  |2 eczenas 
650 9 |a collaborationists  |2 eczenas 
650 9 |a World War (1939-1945)  |2 eczenas 
651 7 |a Belgie  |7 ge128735  |2 czenas  |9 55805 
651 9 |a Belgium  |2 eczenas 
655 7 |a vlámské romány  |7 fd330530  |2 czenas 
655 7 |a biografické romány  |7 fd131905  |2 czenas  |9 53505 
655 7 |a historické romány  |7 fd132414  |2 czenas  |9 53624 
655 9 |a Flemish fiction  |2 eczenas 
655 9 |a biographical novels  |2 eczenas 
655 9 |a historical novels  |2 eczenas 
700 1 |a Smejkalová, Radka,  |d 1973-  |7 kv2016914621  |4 trl  |9 112462 
910 |a UOG502 
942 |2 ddc  |c KN 
999 |d 101896 
993 |0 0  |1 421180102423  |2 ddc  |4 0  |7 0  |9 93170  |b 0  |c 102423  |d 2024-05-09  |e 3  |f DOSP  |h 449.00  |i Koupě  |l DOSP  |m 3  |r 2025-04-01  |s 2024-12-19  |t 6  |w 2024-05-09  |y KN  |z BELET  |n